000 00755cam a22002535a 4500
001 L159708
008 150226s2016 xxk f 000 0 eng d
035 _a(Sirsi) u159708
041 0 _aeng
100 1 _aHooper, Brendon
_96168
245 0 0 _aBangalore version 2.0
260 _c2016
490 _aModus
_vDecember 2016 - January 2017, 34-35 (2)
520 _aInfrastructure upgrades to India's original tech city could make it a global leader.
590 _aKA
650 2 4 _aSTART-UP BUSINESS UNITS
650 2 4 _aTECHNOLOGY CITY
650 2 4 _aTECHNOLOGY COMPANIES
650 2 4 _aInfrastructure
_96246
650 2 4 _aPROPERTY-COMMERCIAL PROPERTY-OFFICE PROPERTY-OFFICE PROPERTY MARKET
651 4 _aIndia
690 _aPROPERTY
942 _n0
999 _c84928
_d84928